| 000 | 02205cam a22005774i 4500 | ||
|---|---|---|---|
| 003 | PE-LiUPU | ||
| 005 | 20250731173044.0 | ||
| 008 | 170715s2017 oru rb 001 0 eng d | ||
| 020 | _a1532600968 | ||
| 020 | _a9781532600968 | ||
| 020 | _z153260095X | ||
| 020 | _z9781532600951 | ||
| 035 | _a(Sirsi) i9781532600968 | ||
| 035 |
_a(OCoLC)993761647 _z(OCoLC)988003972 _z(OCoLC)995774580 _z(OCoLC)1011080731 |
||
| 040 |
_aEBLCP _beng _epn _cEBLCP _dYDX _dN$T _dOCLCF _dUAB _dMERUC _dIDB _dOCLCQ _dPE-LiUPU _erda |
||
| 049 | _aPRUA | ||
| 050 | 4 | _aBL65.S38 | |
| 082 | 0 | 4 |
_a204.4 _bS47 _223 |
| 100 | 1 |
_aShin, Kiseong, _eautor. |
|
| 245 | 1 | 4 |
_aThe Concept of Self in Hinduism, Buddhism, and Christianity and Its Implication for Interfaith Relations / _cKiseong Shin. |
| 264 | 1 |
_aEugene : _bWipf and Stock Publishers, _c2017. |
|
| 300 |
_axii, 168 páginas ; _c23 centímetros |
||
| 336 |
_atext _2rdacontent |
||
| 337 |
_aunmediated _2rdamedia |
||
| 338 |
_avolume _2rdacarrier |
||
| 504 | _aBibliografía : páginas 157-166. | ||
| 504 | _aIndice : páginas 167-168. | ||
| 505 | 0 | _aIntroduction -- Atman in Hinduism -- Anatta in Buddhism -- Soul in Christianity -- Conclusion. | |
| 526 | _aSEG42 | ||
| 526 | _aSEG41 | ||
| 526 | _aSEG40 | ||
| 526 | _aSEG39 | ||
| 526 | _aP94 | ||
| 526 | _aP87 | ||
| 526 | _aP86 | ||
| 526 | _aP85 | ||
| 526 | _aP77 | ||
| 526 | _aP76 | ||
| 526 | _aP35 | ||
| 650 | 0 |
_aAutorrealización (Psicología) _xAspectos religiosos _xBudismo. |
|
| 650 | 0 |
_aAutorrealización (Psicología) _xAspectos religiosos _xHinduismo. |
|
| 650 | 0 |
_aAutorrealización (Psicología) _xAspectos religiosos _xCristianismo. |
|
| 700 | 1 | _aAriarajah, S. Wesley. | |
| 910 |
_adbm _bncf _cncf _d20171226 |
||
| 942 |
_2ddc _cBOOK |
||
| 949 |
_a204.4 S47 _wDEWEY _c1 _i77774 _lCATALOGING _mBUL _p13.80 _r0 _sY _tBOOK _u2017-12-26 _xPOSGRADO _PP85 _0COMPRA _o.STAFF. Colección Teología. |
||
| 994 |
_aC0 _bPEPRU |
||
| 596 | _a1 | ||
| 999 |
_a204.4 S47 _wDEWEY _c26400 _i77774 _f2021-11-9 _g4 _lCCODEBUL1 _mBUL _p13.80 _r0 _sY _tBOOK _u2017-12-26 _xTEOLOGIA _PP85 _0COMPRA _o.STAFF. Colección Teología. _d26400 |
||
| 980 |
_81 _gALBERTO SANCHEZ Responsable de Automatización |
||